Kliknij landy Niemiec na mapie - Statystyki

Ogólne statystyki
  • Ten quiz został rozwiązany 103 razy
  • Średni wynik to 12 z 16
Odpowiedzi na mapie
Odpowiedzi zakodowano w zielono-czerwonej skali na mapie do tego quizu, zgodnie z poniższymi procentami.
 
Statystyki odpowiedzi
Odpowiedź % Poprawnych
Bawaria
89%
Berlin
89%
Meklemburgia-Pomorze Przednie
85%
Brandenburgia
82%
Szlezwik-Holsztyn
80%
Hamburg
78%
Saara
78%
Nadrenia Północna-Westfalia
75%
Brema
72%
Saksonia-Anhalt
72%
Saksonia
69%
Badenia-Wirtembergia
65%
Hesja
60%
Nadrenia-Palatynat
57%
Turyngia
57%
Dolna Saksonia
51%
Nie znaleziono quizów pasujących do podanych kryteriów
Rozkład punktacji
Procent ludzi z każdym wynikiem
Percentyl według liczby udzielonych odpowiedzi
Twoja historia wyników
Nie rozwiązałeś tego quizu